Score 0/11 Timer 02:00
5 Plays Today
Clue Word % Correct
It is traditionally dug around a castle and filled with water…and maybe a crocodile!Moat
95.9%
An outergarment worn in the cold, or another layer of paintCoat
95.5%
A low, prolonged sound of pain or griefMoan
94.1%
Female half of the duo that sang 'I Got You Babe'Cher
92.6%
To burn slightly or partly, such as over a charcoal grillChar
92.1%
A short, informal or familiar talk, such as in a namesake roomChat
91.2%
¤¤¤ With [First Rung], a popular food preparation competition TV show ¤¤¤Chef
86.2%
Nickelodeon's include Rugrats, SpongeBob SquarePants, and Hey Arnold!Toon
76.9%
Goddesses of this entity include Isis (Egyptian), Selene (Greek), and Diana (Roman)Moon
76.3%
1982 science fiction film starring Jeff Bridges as software engineer Kevin FlynnTron
71.4%
¤¤¤ With [Last Rung], a popular food preparation competition TV show ¤¤¤Iron
68%

Today's Daily Dose

Remove Ads.
Support Sporcle.
Get the best of Sporcle when you Go Orange. This ad-free experience offers more features, more stats, and more fun while also helping to support Sporcle. Thank you for becoming a member.

You're not logged in!

Compare scores with friends on all Sporcle quizzes.
OR
Log In

Show Comments

Extras

Top Quizzes Today


Score Distribution

Your Account Isn't Verified!

In order to create a playlist on Sporcle, you need to verify the email address you used during registration. Go to your Sporcle Settings to finish the process.

Report this User

Report this user for behavior that violates our Community Guidelines.

Details: